Vyākhyānamālā. (Record no. 65226)

MARC details
000 -LEADER
fixed length control field 00599cam a22002411 4500
001 - CONTROL NUMBER
control field sa 65007584
003 - CONTROL NUMBER IDENTIFIER
control field DLC
005 - DATE AND TIME OF LATEST TRANSACTION
control field 20260227112149.0
008 - FIXED-LENGTH DATA ELEMENTS--GENERAL INFORMATION
fixed length control field 891011s1962 ii 000 0 sano
010 ## - LIBRARY OF CONGRESS CONTROL NUMBER
LC control number sa 65007584
025 ## - OVERSEAS ACQUISITION NUMBER
Overseas acquisition number PL480:I-San-105
035 ## - SYSTEM CONTROL NUMBER
System control number (OCoLC)20473405
040 ## - CATALOGING SOURCE
Original cataloging agency DLC
Transcribing agency WaU
Modifying agency DLC
041 0# - LANGUAGE CODE
Language code of text/sound track or separate title sanhin
050 00 - LIBRARY OF CONGRESS CALL NUMBER
Classification number PK2057
Item number .A2
100 0# - MAIN ENTRY--PERSONAL NAME
Personal name Acyutānanda Sarasvatī,
Titles and words associated with a name Swami.
245 10 - TITLE STATEMENT
Title Vyākhyānamālā.
260 ## - PUBLICATION, DISTRIBUTION, ETC.
Date of publication, distribution, etc. [1962?]
300 ## - PHYSICAL DESCRIPTION
Extent 173 p.
Dimensions 23 cm.
500 ## - GENERAL NOTE
General note Hindi and Sanskrit.
650 #0 - SUBJECT ADDED ENTRY--TOPICAL TERM
Topical term or geographic name entry element Sanskrit poetry.
700 1# - ADDED ENTRY--PERSONAL NAME
Personal name Śāstrī, Yajñadeva.

No items available.

Powered by Koha